| 000 | 00642nam a22001817a 4500 | ||
|---|---|---|---|
| 008 | 160314b xxu||||| |||| 00| 0 eng d | ||
| 020 | _a978-0-415-47228-9 (pbk.) | ||
| 082 |
_22010 _aDC 158.35 _bT39g |
||
| 100 |
_93783 _aThornton, Christine. |
||
| 245 |
_aGroup and team coaching : _bthe essential guide/ _cChristine Thornton. |
||
| 260 |
_aLondon : _bRoutledge, _c2010. |
||
| 300 |
_axii, 273 pages ; _c20 cm. |
||
| 440 |
_93786 _aEssential coaching skills and knowledge |
||
| 500 | _aIncludes bibliographical references and index. | ||
| 650 | 0 |
_93784 _aPersonal coaching. |
|
| 650 | 0 |
_93785 _aTeams in the workplace. |
|
| 942 |
_2ddc _cDC |
||
| 999 |
_c1293 _d1293 |
||